[Event "Millennium CG Exclusive - Tasc R30 V2.5"]
[Site "Wien"]
[Date "2021.08.14"]
[Round "79"]
[White "Millennium CG Exclusive"]
[Black "Tasc R30 V2.5, aktiv"]
[Result "0-1"]
[WhiteElo "2402"]
[BlackElo "2335"]
[PlyCount "102"]
[EventDate "2021.??.??"]

1. e4 e6 2. d4 d5 3. Nc3 Nf6 4. Bg5 Be7 5. e5 Nfd7 6. Bxe7 Qxe7 7. Qd2 {
Buchende} c5 {Buchende} 8. Nb5 {Buchbewertung Genius +0,64 / lt. Stockfish
steht Weiss weitaus besser mit +1,50 die beste Fortsetzung für Schwarz wäre
hier Kd8.} Kd8 {Buchbewertung Tasc -0,15} 9. Nf3 {deutlich besser ist dxc5,
Stockfish nur noch +0,50 für Weiss mit der Fortsetzung a6} a6 10. Nd6 {
besser ist Sc3 so schnell geht es und plötzlich steht Schwarz schon besser lt.
Stockfish mit +0,30} cxd4 11. Qxd4 Nc6 12. Qf4 f6 13. exf6 gxf6 14. c3 e5 15.
Nxc8 Rxc8 16. Qg4 e4 17. Nd2 {deutlich besser ist Sh4, Stockfish +1,20 für
Schwarz mit der Fortsetzung Sce5.} Nce5 18. Qg3 Nd3+ 19. Bxd3 exd3+ 20. Qe3 Re8
21. O-O Qxe3 22. fxe3 Rxe3 23. Nb3 Ke7 {deutlich besser ist Se5.} 24. Nd4 Re4
25. Rad1 Ne5 26. Nf5+ Ke6 27. Nd4+ Kf7 28. Nf5 {deutlich besser ist Sf3} Rd8
29. Rd2 Ra4 30. a3 Re4 31. Ng3 $2 {ein schlechter Zug, deutlich besser ist Sd4,
Stockfish +2,50 für Schwarz mit der Fortsetzung a5, der schwarze Turm kann
nicht genommen werden.} Rc4 32. Nh5 {besser ist Sf5} d4 33. Nxf6 dxc3 34. Nd5+
Kg6 35. Nxc3 Rc6 36. Rfd1 b5 {Schwarz steht klar auf Gewinn lt. Stockfish mit
+1,80} 37. Na2 Kg5 38. Nb4 Rcd6 39. b3 {die Stellung ist klar verloren für
Weiss, Stockfish +3,50 für Schwarz.} a5 40. Na2 Rc8 41. Re1 Kf6 42. Red1 Rdc6
43. Rf1+ Ke6 44. Rfd1 Rc2 45. h3 Kf5 {Stockfish +7,00 für Schwarz.} 46. Kf1
Ke4 47. Re1+ Kd4 48. Red1 Rxd2 49. Rxd2 a4 50. bxa4 Nc4 51. Rd1 Ne3+ {
Userentscheid 0-1} 0-1

[Event "Millennium CG Exclusive - Tasc R30 V2.5"]
[Site "Wien"]
[Date "2021.08.15"]
[Round "80"]
[White "Tasc R30 V2.5, aktiv"]
[Black "Millennium CG Exclusive"]
[Result "0-1"]
[WhiteElo "2335"]
[BlackElo "2402"]
[PlyCount "104"]
[EventDate "2021.??.??"]

1. Nf3 Nf6 2. d4 e6 3. c4 Bb4+ 4. Bd2 a5 5. g3 {Buchende} c5 {Buchende} 6. Bxb4
{Buchbewertung Tasc +0,18} cxb4 {Buchbewertung Genius -0,39, lt. Stockfish
steht Weiss knapp besser mit ca. +0,30} 7. e4 $2 {Was bitte ist das schon
wieder für ein sinnloses Bauernopfer, Stockfish +1,30 für Schwarz und der
Genius sagt danke und greift natürlich zu.} Nxe4 8. Nbd2 Nxd2 9. Qxd2 d5 {
deutlich besser ist d6} 10. Bg2 {deutlich besser ist c5} dxc4 11. Ne5 O-O 12.
Nxc4 Nc6 13. Rd1 Qf6 {deutlich besser ist Se7} 14. Qe3 {Schwarz steht nur noch
knapp besser mit ca. +0,40} Rd8 {Genius +0,35} 15. Ne5 {Tasc -0,32} Bd7 16. O-O
Be8 17. f4 Qe7 18. d5 {besser ist Sxc6} exd5 19. Bxd5 Nxe5 20. fxe5 Kh8 21. Rf2
Bc6 22. Rfd2 {deutlich besser ist Txf7} h6 {Schwarz steht klar besser mit ca.
+1,80 lt. Stockfish} 23. Bxc6 bxc6 24. Rd6 Rxd6 25. Rxd6 Re8 {deutlich besser
ist Tc8} 26. Rxc6 Qxe5 27. Qxe5 Rxe5 {ein Turmendspiel mit Mehrbauern für den
Genius, da schwant mir Böses für den Tasc, lt. Stockfish steht Schwarz aber
nur knapp besser mit +0,40, bietet also noch gute Remischancen für Weiss.} 28.
Kf2 {Tasc -0,54} Kh7 {Genius +0,64} 29. Kf3 Re1 30. Rc5 a4 31. Rc4 Ra1 32. Rxb4
Rxa2 {die Stellung ist Remis} 33. Kf4 $2 {hier ist wieder der Verlustzug des
Tasc nach a3 , bxa3, Txh2 hat Schwarz 3 Bauern gegen einen am Königsflügel
und gewinnt, Stockfish +2,80 für Schwarz, nötig war h4} Kg6 $2 {der Genius
kommt aber nicht drauf, Stockfish 0,00} 34. Ke5 $2 {das gleiche noch mal, es
gewinnt f6+, Ke4, a3} f6+ 35. Ke6 {besser ist Ke4m, Stockfish +3,00 mit der
Fortsetzung h5.} h5 {Genius +0,95} 36. Kd5 {Tasc -0,57 / Stockfish -4,40} a3 {
Genius +1,54} 37. bxa3 Rxh2 $2 {dieser Zug verschenkt den Sieg, Stockfish
sieht hier Txa3 mit +4,50 für Schwarz, nach dem Textzug bewertet er mit 0,00
mit der Fortsetzung a4.} 38. a4 Rh3 39. a5 Rxg3 40. Kc6 $2 {wieder die falsche
Wahl, nach Ta4 hat Weiss das Remis sicher.} Ra3 {besser ist Tc3+} 41. Kb6 $2 {
und nun kommt wieder der Katastrophenzug vom Tasc wie das Amen im Gebet in
einem Turmendspiel, nötig war Kb5, um Ta4 vorzubereiten, den Textzug sieht
Stockfish mit +4,00 für Schwarz mit der Fortsetzung Kh6} Kf7 {nicht so stark
wie Kh6 reicht aber auch zum Gewinn} 42. a6 {Tasc +0,09 viel zu kurzsichtig,
der weisse König ist weg vom Geschehen und der Turm allein kann auf Dauer die
3 geschlossen Freibauern nicht aufhalten, die Partie ist verloren für Weiss.}
g5 43. a7 g4 44. Kb7 Kg6 45. Rb6 Rxa7+ 46. Kxa7 h4 47. Rb4 f5 48. Rb8 h3 {
Genius +5,51} 49. Rh8 f4 50. Kb7 f3 51. Rg8+ Kh5 52. Rf8 Kh4 {Rest geschenkt}
0-1

[Event "Millennium CG Exclusive - Tasc R30 V2.5"]
[Site "Wien"]
[Date "2021.08.16"]
[Round "81"]
[White "Millennium CG Exclusive"]
[Black "Tasc R30 V2.5, aktiv"]
[Result "1-0"]
[WhiteElo "2402"]
[BlackElo "2335"]
[PlyCount "131"]
[EventDate "2021.??.??"]

1. e4 Nf6 2. e5 Nd5 3. d4 d6 4. Nf3 Bg4 {Buchende} 5. h3 {Buchende} Bf5 {
Buchbewertung Tasc -0,64} 6. Bd3 {Buchbewertung Genius +0,14 / lt. Stockfish
steht Weiss klar besser mit ca. +1,00} Bxd3 7. Qxd3 dxe5 8. Nxe5 Nd7 9. O-O e6
10. Qb5 Bd6 {deutlich besser ist Sb6} 11. Qxb7 Nxe5 12. dxe5 Bxe5 13. Re1 Bf6
14. Qc6+ Ke7 15. Qc4 Rb8 $2 {ein ganz schlechter Zug, der Schwarz fast schon
auf die Verliererstrasse bringt, Stockfish +2,30 mit der Fortsetzung Sc3,
nötig war Sb6.} 16. Nc3 Bxc3 17. bxc3 Qd6 18. Qd4 $2 {das ist zu gierig
gedacht der Bauerngewinn auf a7 ist ganz schwach, nach 18. a4 ist Schwarz
praktisch schon verloren mit +3,00 für Weiss. Den Textzug bewertet Stockfish
nur noch mit +1,00 für Weiss.} f6 19. Qxa7 $2 {damit hat Weiss den ganzen
Vorteil verspielt, deutlichen Vorteil versprach noch c4.} Qc6 20. Qd4 Qxc3 21.
Qxc3 {besser war De4} Nxc3 22. a4 Rb6 23. Bd2 Rc6 24. Bxc3 Rxc3 {und wir sind
abermals in einem reinen Turmendspiel, man darf wieder gespannt sein. Lt.
Stockfish ist die Ausgangslage gleich.} 25. Ra2 Ra8 26. a5 Ra6 27. Re4 Rc5 28.
Rea4 e5 29. Kf1 f5 30. Ke2 e4 31. h4 Ke6 32. Ke3 Ke5 33. g3 Rc3+ 34. Kd2 Rcc6
35. c3 Rd6+ 36. Ke2 Rd5 {die Stellung ist Remis, ich kommentiere erst wieder
wenn Stockfish die 0,00 verlässt, man kann davon ausgehen es bleibt konstant,
wenn ich keinen Kommentar schreibe.} 37. c4 Rd3 38. Rb2 {Genius +0,37} g6 39.
Rb8 Rc3 {Tasc +0,10} 40. Rd8 Rc2+ 41. Ke3 Ke6 42. Rd2 Rc1 43. Rb2 Rc3+ 44. Kd4
Rd3+ 45. Kc5 Kd7 46. Kb5 Ra8 $2 {und da kommt wieder der Zug, der das Remis
wegwirft, Stockfish sieht hier Ta7 mit 0,00, nach dem Textzug bewertet er die
Fortsetzung a6 mit +1,30 für Weiss. Mein Kommentar dazu nur noch ein Wort:
AMEN !} 47. a6 e3 48. fxe3 Rxe3 49. a7 Kc8 50. c5 Re6 51. Rb3 {Genius +1,40 /
Stockfish +6,00} Re7 {Tasc -0,92} 52. Kc6 Re2 53. Ra5 Re8 54. Kd5 Rd8+ 55. Ke6
{zielstrebiger ist noch Kc4, aber auch diese Fortsetzung reicht völlig zum
Gewinn.} Re8+ 56. Kf7 Re5 57. Kg8 f4 58. gxf4 Rh5 59. Ra4 c6 60. Re4 Kc7+ 61.
Kg7 Rd5 62. Re7+ Rd7 63. Rb7+ Kxb7 64. Rxd7+ Ka6 65. Kxh7 Kb5 66. Kxg6 {
Rest geschenkt} 1-0

[Event "Millennium CG Exclusive - Tasc R30 V2.5"]
[Site "Wien"]
[Date "2021.08.17"]
[Round "82"]
[White "Tasc R30 V2.5, aktiv"]
[Black "Millennium CG Exclusive"]
[Result "0-1"]
[WhiteElo "2335"]
[BlackElo "2402"]
[PlyCount "142"]
[EventDate "2021.??.??"]

1. d4 e6 2. c4 c5 3. d5 {Buchende} d6 {Buchende} 4. e4 {Buchbewertung Tasc +0,
31} Nf6 {Buchbewertung Genius -0,23 / lt. Stockfish steht Weiss klar besser
mit ca. +0,90.} 5. Nc3 g6 {Genius wieder im Buch} 6. Nf3 exd5 7. cxd5 a6 8. Bf4
Bg4 {Buchende} 9. Be2 {Buchzug / Buchende} b5 {ein schlechter Zug, der schon
fast die Partie verliert, Stockfish +2,00 für Weiss mit der Fortsetzung e5,
viel besser ist Sbd7.} 10. h3 {Tasc lässt die frühe Chance liegen, Stockfish
+0,80 für Weiss mit der Fortsetzung Lxf3.} Bc8 $2 {nach 12 Minuten Bedenkzeit
verwirft der Genius im letzten Moment den weit besseren Zug Lxf3, Stockfish +2,
70 für Weiss mit der Fortsetzung 0-0.} 11. Bd3 {deutlich schwächer als 0-0,
Stockfish +1,20 für Weiss.} Bg7 12. O-O O-O 13. Qd2 Re8 14. a3 Bb7 15. b4 $2 {
ein schwacher Zug, die Stellung ist wieder im Lot, deutlichen Vorteil
versprach Tfe1} c4 $2 {ein ganz schlechter Zug, der Weiss wieder deutlichen
Vorteil bringt, Stockfish +2,00, nötig war Sbd7} 16. Bc2 Nh5 17. Bg5 Qc7 18.
Bh6 Bxh6 19. Qxh6 Qb6 {deutlich besser ist Sbd7, Schwarz ist bereits auf
verlorenem Posten, Stockfish +4,50 für Weiss mit der Fortsetzung Sg5.} 20. a4
{nicht so gut wie Sg5, aber auch diese Fortsetzung sieht Stockfish noch mit +2,
80 für Weiss} Nd7 {Genius schätzt die Stellung völlig falsch ein, nur -0,03}
21. Qd2 {Tasc +0,70, deutlich besser war aber Tad1, Stockfish +1,80 für Weiss.
} bxa4 22. Bxa4 Nhf6 23. Rfe1 Re7 {die Stellung ist klar gewonnen für Weiss,
Stockfish +3,00 mit der Fortsetzung Lxd7} 24. Nd4 Rb8 25. Nc6 Bxc6 26. dxc6 Ne5
27. Qxd6 $2 {ein ganz schlechter Zug, der fast den gesamten Vorteil verspielt,
Stockfish nur noch +0,70 für Weiss, klar gewonnen hätte Sd5 was Stockfish
mit +3,50 für Weiss bewertet.} Re6 28. Qc5 Qxc5 29. bxc5 Nxc6 30. Nd5 {
deutlich besser ist f4} Rc8 31. Rad1 Kg7 32. Nb6 Rc7 33. Nxc4 Rxe4 34. Rxe4
Nxe4 35. Nd6 Nf6 36. Rb1 Kf8 37. Bxc6 Rxc6 38. Rb7 Kg8 39. Rb8+ Kg7 40. Rc8 $2
{Der Tasc will hier wahrscheinlich die gefährlichste aller möglichen
Drohungen, nämlich das nächste Turmendspiel vermeiden, wer will es ihm
verübeln, unglücklicherweise verliert aber dieser Zug die Partie, Stockfish
+2,00 für Schwarz mit der Fortsetzung Txc8} Rxc8 41. Nxc8 Kf8 $2 {die falsche
Wahl, gewonnen hätte Sd5, Stockfish nur noch +0,50 für Schwarz mit der
Fortsetzung Kf1} 42. Nb6 $2 {und der nächste gravierende Fehler, dieser
Tempoverlust verliert klar gegen die Fortsetzung Ke7, Stockfish +3,00 für
Schwarz.} Ke7 43. f3 Ke6 44. Kf2 {Tasc -0,40 sieht hier noch keine
unmittelbare Gefahr / Stockfish +4,50 für Schwarz mit der Fortsetzung Sd7.}
Nd5 {Genius +0,84, schwächer als Sd7, reicht aber völlig zum Gewinn,
Stockfish +3,00 für Schwarz.} 45. Na4 Ke5 46. g3 Kd4 47. f4 Kc4 48. c6 Kb5 49.
Nb2 a5 50. Nd3 a4 51. Ke2 a3 52. Nc1 Kxc6 53. Kd3 {den Rest könnte man sich
normalerweise schon schenken, Stockfish +8,50 für Schwarz.} Kb5 54. Kd4 Nb4
55. Nb3 h5 56. Na1 Ka4 57. Kc3 h4 58. gxh4 Nd5+ 59. Kc2 Nxf4 60. Nb3 f5 61. Nd4
Nxh3 62. Nf3 f4 63. Kc1 Nf2 64. Kc2 Nd3 65. Kb1 Kb3 {[%emt 0:00:16] Stockfish
Matt in} 66. Nd2+ Kc3 67. Ne4+ Kd4 68. Nd2 Ne5 69. Nf1 Ng4 70. Ka2 Kd3 71. Kxa3
Ke2 {Rest geschenkt} 0-1

[Event "Millennium CG Exclusive - Tasc R30 V2.5"]
[Site "Wien"]
[Date "2021.08.18"]
[Round "83"]
[White "Millennium CG Exclusive"]
[Black "Tasc R30 V2.5, aktiv"]
[Result "1-0"]
[WhiteElo "2402"]
[BlackElo "2335"]
[PlyCount "101"]
[EventDate "2021.??.??"]

1. e4 e5 2. Nf3 d6 3. d4 exd4 4. Qxd4 Nf6 5. Nc3 Nc6 6. Bb5 Bd7 7. Bxc6 Bxc6 8.
Bg5 Be7 9. O-O-O O-O 10. Rhe1 {Buchende} Re8 {Buchende} 11. h3 {Buchbewertung
Genius -0,23} Nxe4 $2 {Buchbewertung Tasc -0,09, gleich der erste Zug nach
Buchende verliert die Partie, Stockfish +4,50 für Weiss mit der Fortsetzung
Lxe7. damit geht eine Figur verloren und die Partie ist vorbei für Schwarz.}
12. Bxe7 {Genius +1,21} Qxe7 13. Nxe4 Bxe4 14. Nd2 d5 15. f3 c5 16. Qc3 f5 17.
g4 Qf8 18. fxe4 fxe4 {Schwarz bekommt noch einen 2. Bauern, die Stellung ist
aber hoffnungslos, Stockfish +5,00 für Weiss mit der Fortsetzung Sb3} 19. Nb3
{Genius +2,00} c4 {Tasc -2,14} 20. Rf1 Qe7 21. Nd4 Rad8 22. Ne2 Qc5 23. Rf5 Rf8
24. Nf4 Rxf5 25. gxf5 d4 26. Ne6 Qxf5 27. Qxc4 Rd6 28. Qc8+ Kf7 29. Qe8+ Kf6
30. Nf8 Ra6 31. Rxd4 Qf4+ 32. Rd2 g6 33. Qd7 Kg5 34. c3 Kh4 35. Qxh7+ Kg5 36.
Kc2 Qg3 37. Qxb7 Rb6 38. Qxa7 Qe3 {[%emt 0:00:12] Stockfish Matt in} 39. Qe7+
Kh5 40. Qh7+ Qh6 41. Rd5+ {Genius Matt in 11 ! (es geht schon in 9).} g5 42.
Qf7+ Rg6 43. Ne6 Kh4 44. Qf2+ Kxh3 45. Qf1+ Kh4 46. Qh1+ Kg3 47. Qg1+ Kh4 48.
Qh2+ Kg4 49. Qg2+ Kh4 50. Rd1 e3 51. Rh1# 1-0

[Event "Millennium CG Exclusive - Tasc R30 V2.5"]
[Site "Wien"]
[Date "2021.08.18"]
[Round "84"]
[White "Tasc R30 V2.5, aktiv"]
[Black "Millennium CG Exclusive"]
[Result "0-1"]
[WhiteElo "2335"]
[BlackElo "2402"]
[PlyCount "72"]
[EventDate "2021.??.??"]

1. c4 {Buchende} Nc6 2. d4 d5 3. Nc3 {der wieder im Buch} dxc4 4. Nf3 {Buchende
} a6 {Buchende, ein merkwürdiger Zug der hier im Buch gespeichert ist, danach
ist Schwarz ganz schlecht dran, weit besser ist Sf6, Stockfish +1,70 für
Weiss mit der Fortsetzung d5.} 5. d5 {Buchbewertung Tasc +0,94} Na7 {
Buchbewertung Genius -0,37} 6. e4 b5 7. b3 b4 $2 {ein schlechter Zug, der
Weiss ganz klaren Vorteil bringt, Stockfish +2,20 mit der Fortsetzung Sa4,
weit besser ist e5.} 8. Ne2 $2 {ein schlechter Zug, der fast den ganzen
Vorteil hergibt, Stockfish nur noch +0,50 für Weiss mit der Fortsetzung c3.}
c3 9. Be3 Nf6 10. Ne5 c5 $1 {die beste Fortsetzung} 11. dxc6 {deutlich besser
ist f3 und die Stellung ist im Lot, hier bewertet Stockfish die Fortsetzung
Dc7 mit +1,00 für Schwarz.} Qd6 $2 {ein ganz schlechter Zug, der den Spiess
gleich wieder umkehrt, mit der Fortsetzung Dd4 ist Weiss wieder klar im
Vorteil mit +1,50} 12. f4 $2 {diese komplizierte Stellung überfordert beide
Geräte es werden wechselseitig grobe Fehler gemacht und das Blatt wendet sich
nach dem Zufallsprinzip mal in die eine mal in die andere Richtung.} Nxe4 {
die Stellung ist wieder im Lot.} 13. Nd4 Nd2 {deutlich besser ist e6} 14. Bd3
$2 {um ganze 3 Bauerneinheiten schlechter als Sc4, Stockfish +1,60 für
Schwarz mit der Fortsetzung g6.} g6 15. Qe2 $2 {deutlich schwächer als Sdf3,
Stockfish +2,70 für Schwarz mit der Fortsetzung Lg7} Bg7 16. Bc2 $2 {deutlich
schlechter als Tad1, Stockfish +4,00 für Schwarz mit der Fortsetzung Lxe5.}
Bxe5 {Genius +1,51} 17. fxe5 {Tasc sieht sich nur knapp im Nachteil -0,23 /
Stockfish +5,00 für Schwarz.} Qxe5 18. h3 O-O 19. a3 Rd8 20. Bf2 Qxe2+ 21.
Nxe2 Nxc6 {der 3. Mehrbauer für Schwarz entscheidet wohl diese Partie
endgültig.} 22. Bb6 Rd5 23. O-O-O Rb5 24. Bc7 bxa3 25. Nxc3 Nxb3+ {und der 4.
Mehrbauer für Schwarz.} 26. Kb1 Rb7 27. Bxb3 Rxb3+ 28. Kc2 Rb2+ 29. Kd3 Bf5+
30. Ke3 Rb3 31. Rc1 a2 32. Kf2 Rc8 33. Bf4 Rb2+ 34. Ke3 Nb4 35. Be5 f6 36. Nxa2
Rxa2 {Rest geschenkt} 0-1

[Event "Millennium CG Exclusive - Tasc R30 V2.5"]
[Site "Wien"]
[Date "2021.08.19"]
[Round "85"]
[White "Millennium CG Exclusive"]
[Black "Tasc R30 V2.5, aktiv"]
[Result "0-1"]
[WhiteElo "2402"]
[BlackElo "2335"]
[PlyCount "58"]
[EventDate "2021.??.??"]

1. e4 c5 2. Nc3 Nc6 {Buchende} 3. Bb5 {Buchende} a6 {Buchbewertung Tasc -0,39}
4. Bxc6 {Buchbewertung Genius +0,06 / lt. Stockfish steht Weiss etwas besser
mit ca. +0,50} dxc6 5. Nf3 e5 6. d3 Bd6 7. Bg5 Ne7 8. Nd2 b5 9. O-O O-O 10. a4
Be6 11. axb5 f6 12. Be3 cxb5 13. Qh5 Qd7 14. f3 {dieser logisch aussehende Zug,
um Lg4 zu verhindern ist in Wahrheit ein schwerer Fehler, Stockfish bewertet
hier als besten Zug Sb3 mit -0,50 aus der Sicht von Weiss, den Textzug sieht
er bereits mit +2,00 für Schwarz mit der Fortsetzung a5.} Rfb8 15. Rfd1 Nc6
16. Nf1 {lt. Stockfish ist die Stellung praktisch verloren für Weiss, +3,00
für Schwarz mit der Fortsetzung Sd4.} Nd4 17. Rd2 b4 18. Ne2 $2 {viel besser
ist Sd5, Stockfish +3,80 mit der Fortsetzung a5, Sd5 hätter er mit +1,80 für
Schwarz gesehen.} Be7 {Tasc sieht sich klar im Vorteil +1,12} 19. Neg3 {
[%emt 0:00:30] Genius sieht nur geringen Nachteil -0,21 / Stockfish -3,70,
Genius beurteilt also diese Stellung viel schlechter als der Tasc R} a5 20. Qh4
a4 21. Nh5 a3 {Tasc +2,88 sieht den sicheren Gewinn / Stockfish +5,00} 22. bxa3
{Genius -0,81 ? also mit dieser Stellung ist er wahrlich überfordert.} bxa3
23. Qf2 {Genius -1,46 / Stockfish -6,60, da ist nichts mehr zu retten für
Weiss.} a2 {deutlich besser ist Tb2, Stockfish +4,00 für Schwarz mit der
Fortsetzung c4, aber auch diese Variante sollte klar gewinnen.} 24. Rdd1 $2 {
viel schlechter als c4, Stockfish +8,00 mit der Fortsetzung Tb2} Rb2 25. Bxd4
cxd4 26. h3 Rc8 27. Rdc1 Ba3 28. f4 Rb7 29. Re1 Bb2 {Rest geschenkt} 0-1

[Event "Millennium CG Exclusive - Tasc R30 V2.5"]
[Site "Wien"]
[Date "2021.08.20"]
[Round "86"]
[White "Tasc R30 V2.5, aktiv"]
[Black "Millennium CG Exclusive"]
[Result "1/2-1/2"]
[WhiteElo "2335"]
[BlackElo "2402"]
[PlyCount "80"]
[EventDate "2021.??.??"]

1. Nf3 Nf6 2. d4 c6 3. c4 d5 4. Nc3 dxc4 5. a4 Bf5 6. e3 e6 7. Bxc4 Bb4 8. O-O
Nbd7 9. Nh4 {Buchende} Bg6 10. Qb3 {Buchbewertung Tasc +0,29} Qb6 {Buchende}
11. Nxg6 hxg6 {Buchbewertung Genius -0,48 / lt. Stockfish steht Weiss knapp
besser mit ca. +0,30} 12. Bd2 c5 13. Rfd1 cxd4 14. exd4 Bd6 15. h3 a6 16. a5
Qxb3 17. Bxb3 Rc8 18. Rdc1 Rc7 19. Be3 O-O 20. g4 Rfc8 21. g5 Ne8 22. Ne4 Rxc1+
23. Rxc1 Rxc1+ 24. Bxc1 b5 25. d5 exd5 $2 {deutlich besser ist e5, Stockfish
+2,00 für Weiss mit der Fortsetzung Sxd6} 26. Bxd5 $2 {verspielt den gesamten
Vorteil, Stockfish 0,00} Nc5 $2 {ein ganz schlechter Zug, Stockfish +2,00 für
Weiss mit der Fortsetzung Sxd6, nötig war Sc7 und die Stellung wäre im Lot.}
27. Nxc5 {besser ist Sxd6, Stockfish +1,30 für Weiss.} Bxc5 28. Bb7 $2 {
verspielt nahezu den gesamten Vorteil, nötig war Ld2, Stockfish +0,20 für
Weiss.} Bb4 29. Bxa6 Nc7 30. Bb7 Bxa5 31. Bc6 Kf8 32. Be3 Bb4 33. Bb6 Bd6 34.
Bxc7 Bxc7 35. Bxb5 Bd8 {der Bauerngewinn bringt Weiss keinen Gewinn, dieses
Endspiel mit ungleichen Läufern ist klares Remis.} 36. h4 f6 37. Bd3 Kf7 38.
Bc4+ Kf8 39. b4 fxg5 40. hxg5 Bxg5 {Userentscheid: Remis} 1/2-1/2

[Event "Millennium CG Exclusive - Tasc R30 V2.5"]
[Site "Wien"]
[Date "2021.08.21"]
[Round "87"]
[White "Millennium CG Exclusive"]
[Black "Tasc R30 V2.5, aktiv"]
[Result "1-0"]
[WhiteElo "2402"]
[BlackElo "2335"]
[PlyCount "91"]
[EventDate "2021.??.??"]

1. Nf3 d5 2. b3 Bg4 3. Bb2 Nd7 4. c4 e6 5. e3 Ngf6 6. Be2 Bd6 7. O-O c6 {
Buchende} 8. Nc3 {Buchende} Qc7 {Buchbewertung Tasc +0,02} 9. h3 {
Buchbewertung Genius -0,12 / lt. Stockfish ist die Stellung etwa gleich.} Bxf3
10. Bxf3 Ne5 11. d4 {meiner Meinung nach ein schlechter Zug, gibt das
Läuferpaar auf und schliesst die Diagonale a1-h8 für den Läufer, besser ist
Le2 (auch lt.Stockfish nicht nur meine Meinung).} Nxf3+ 12. Qxf3 O-O 13. e4
Nxe4 14. Nxe4 dxe4 15. Qxe4 Rfd8 16. Qg4 Bh2+ 17. Kh1 Bf4 18. Rfe1 b5 $2 {
ein schlechter Zug, hier könnte Weiss mit d5 klar in Vorteil kommen,
Stockfish +1,50 für Weiss, viel besser ist Lh6 und die Stellung ist im Lot.}
19. d5 $1 {Genius macht den richtigen Zug, allerdings mit einer Bewertung von
nur +0,21} f5 20. Qh4 cxd5 21. Rxe6 Rd7 $2 {ein ganz gravierender Fehler, der
die Partie sofort verliert, Stockfish +4,70 für Weiss mit der Fortsetzung c5.,
nötig war Te8 was Stockfish mit +1,20 für Weiss sieht.} 22. cxb5 {Genius +1,
00, viel schlechter als c5, Stockfish bewertet hier noch mit +2,20 für Weiss.}
d4 {Tasc -0,44 sieht sich nur knapp im Nachteil.} 23. Qh5 Rf8 24. Re8 g6 25.
Qe2 d3 26. Qe6+ Rdf7 27. Ba3 $2 {Genius verwirft im letzten Moment den
Gewinnzug Txf8, den Stockfish bereits mit +4,40 sah, den Textzug bewertet er
nur noch mit +0,20 für Weiss.} Rxe8 28. Qxe8+ Kg7 29. Bb2+ Kh6 30. Qc6 d2 {
etwas besser ist Te7} 31. Bc3 Re7 $2 {ein Katastrophenzug der sofort verliert,
Stockfish +5,00 für Weiss mit der Fortsetzung g3, nötig war Dxc6 und Weiss
hat nur unbedeutenden Vorteil.} 32. g3 {Genius +1,23} Qd7 33. Qxd7 Rxd7 34. Rd1
{die Stellung ist bereits aussichtslos für Schwarz, der Bauer d2 fällt und
Weiss hat am Damenflügel 3 Bauern gegen einen, Stockfish +6,50 für Weiss,
bei korrektem Spiel könnte man sich den Rest schon schenken.} Rc7 35. Bxd2 {
Genius +1,87} Bxd2 {Tasc -1,17 ist hier viel zu optimistisch, Stockfish +7,50
für Weiss.} 36. Rxd2 Re7 37. Rd6 Rb7 38. Ra6 Kg7 39. a4 h5 40. Kg2 Kh6 41. h4
Kg7 42. Kf3 Kh7 43. Kf4 Kh6 44. f3 Rd7 45. b6 axb6 46. Rxb6 {Rest geschenkt.}
1-0